Регионална библиотека "Любен Каравелов" - Русе

Herbert von Karajan. Die ersten Aufnahmen [CD аудио] (Запис номер 216737)

MARC детайли
000 -Лидер
Контролно поле с фиксирана дължина 01718njm a2200421 a 4500
003 - Код на организацията, давaща контролен номер
Контролно поле BLK
005 - Дата и час на последна редакция
Контролно поле 20241005005434.0
008 - Елементи от данни с фиксирана дължина
fixed length control field 180410b bul||n||s|||||||| n|bulo|
010 ## - Наследен системен номер
LC control number CDD00000565000
040 ## - Източник на каталожния запис
Идентификатор на билиотеката - собственик на записа BLK
041 ## - Код за език
Код за езика на текст/звукозапис или на отделно заглавие Немски
Код за езика КДБФ Немски
080 ## - УДК
Текстов определител УДК Симфонии. За симфоничен оркестър
УДК код - определител по УДК 785.11.082.1
УДК - код + определител 785.11.082.1
100 ## - Редна дума - Автор
Автор Mozart, Wolfgang Amadeus
Дати, свързани с автора 1756 - 1791
R(LIN) 386874
139 ## - Редно поле
Редна дума Herbert von Karajan. Die ersten Aufnahmen [CD аудио]
Авторски знак Dv - D 96
245 10 - Сведения за заглавието
Заглавие Herbert von Karajan. Die ersten Aufnahmen [CD аудио]
Подзаглавни данни Vol. 1-6
Редно поле (дума) Wolfgang Amadeus Mozart; * Волфганг Амадеус Моцарт; изп. Orchestra Sinfonica della RAI di Torino; диригент Herbert von Karajan.
Том Vol. 4
257 ## - Страна на издаване
Страна на създаване/издаване Германия
260 ## - Област на издателските данни
Име на издателя, разпространителя и проч. Deutsche Grammophon
Година на издаване 1989
300 ## - Физическа характеристика
Размери/Мащаб 12 cm. Mono
380 ## - Жанр
Жанр Изкуство
505 ## - Форматирана забележка
Подзаглавни данни KV385
Заглавие Symphonie N. 35 D-dur Haffner-Symphonie
505 ## - Форматирана забележка
Подзаглавни данни KV550
Заглавие Symphonie N. 40 g-moll
505 ## - Форматирана забележка
Подзаглавни данни KV551
Заглавие Symphonie N. 41 C-dur Jupiter-Symphonie
650 #4 - Допълнително описание по предмет – тема
Основно описание – тема или топоним Симфонии
9 (RLIN) 170960
653 ## - Ключова дума – ненормативна
Ключова дума симфонии
653 ## - Ключова дума – ненормативна
Ключова дума увертюри
653 ## - Ключова дума – ненормативна
Ключова дума валсове
700 ## - Други автори (авторска отговорност)
Лично име Моцарт, Волфганг Амадеус
Автороска отговорност (Описва отношението между автора и произведението) първи автор
9 (RLIN) 1299
700 1# - Други автори (авторска отговорност)
Лично име Orchestra Sinfonica della RAI di Torino
Автороска отговорност (Описва отношението между автора и произведението) изп.
9 (RLIN) 353713
700 1# - Други автори (авторска отговорност)
Лично име Karajan, Herbert von
Автороска отговорност (Описва отношението между автора и произведението) диригент
9 (RLIN) 14636
760 1# - Описание на основната серия
Редна дума на основното описание Mozart, Wolfgang Amadeus
Страници - том 65мин. 36сек.
Заглавие Vol. 4
852 ## - Местоположение
Форматна сигнатура Цб CD 4328
Част 3
856 4# - Електронен адрес и достъп
Електронен формат pdf - файл
Път до файла /url/
Инструкция (цена за достъп) 0.00
Права за достъп disable
856 4# - Електронен адрес и достъп
Електронен формат pdf - файл
Път до файла /url/
Инструкция (цена за достъп) 0.00
Права за достъп disable
999 ## - СИСТЕМНИ КОНТРОЛНИ НОМЕРА
Koha biblionumber 216737
Koha biblioitemnumber 216737
942 ## - АРТИКУЛИ
Вид на библиотечния материал Компактдискове
Скрит в OPAC Не
Периодичен библиозапис Да
944 ## - СЪЗДАВАНЕ И РЕДАКЦИЯ на ЗАПИСА
Създаване/Редакция Създаване
Дата на регистрацията/редакция 17.05.2017
Служител, извършил регистрацията/редакцията
Статус, дата на статуса CRON CRON
944 ## - СЪЗДАВАНЕ И РЕДАКЦИЯ на ЗАПИСА
Създаване/Редакция Редакция
Дата на регистрацията/редакция 17.05.2017
Служител, извършил регистрацията/редакцията Теодора_Стоянова
999 ## - СИСТЕМНИ КОНТРОЛНИ НОМЕРА
Koha biblioitemnumber 216737
Наличности
Код за отписване Код за изгубен артикул Източник на класификационната схема Код за повреда Коз за рестрикции Код за отдаване Артикулен № Име на библиотеката - собственик Име на библиотеката, в която се намира в момента Статус (Текущо местоположение) Дата на вписване в системата Местоположение - отдел Цена в лева Инвентарен номер Систематично азбучна сигнатура Баркод Номер на екземпляра Цена в евро Служебна бележка Служебен тип на артикула
  Не е изгубен Universal Decimal Classification Не е повреден без рестрикции заемане за дома 388109 Регионална библиотека "Любен Каравелов" Русе Регионална библиотека "Любен Каравелов" Русе Отдел Изкуство - подръчен фонд 2000-01-01 Отдел Изкуство - подръчен фонд 10.00 120000904308 785/D 96 120000904308 1 5.11 Дост: DA Вид: Сф Дата: 01.01.2000 Съставил: Теодора_Стоянова Компактдискове
Vip Innovations Ltd, Rousse, Bulgaria 2025